000 00400nam a22001697a 4500
003 MPLRDC
005 20220104123443.0
008 210129b ||||| |||| 00| 0 eng d
082 _a996 FHS
100 _a不详
245 _a手指游戏
_c
260 _a
_b国丰文化出版社
_c1991
300 _b
490 _a翻花绳游戏系列. 2
650 _a儿童游戏
942 _cBK
_o996 FHS
999 _c11540
_d11530